Top 15 tenistas mundiales febrero 2026 - Estadísticas

Estadísticas generales
  • Esta prueba ha sido intentada 133 veces
  • La puntuación promedio es 12 de 15
Answers on the Grid
Answers color-coded by a green-red scale on the quiz's grid according to % correct below.
Alex Zverev
C. Taberner
P. Martinez
B. Shelton
A. Bublik
A. Fils
J. Brooksby
C. Alcaraz
M. Cilic
A. de Minaur
T. Atmane
E. Spizzirri
L. Musetti
J. Sinner
N. Djokovic
Q. Halays
F Auger-Aliassime
R Bautista
P. Martinez
T. Fritz
I. Buse
D. Medvedev
J. Struff
J. Draper
C. Ruud
F. Comesana
M. Giron
A. Davidovich Fokina
K. Majchrzak
A. Rublev
 
Estadísticas de respuestas
Respuesta % Correcto
Alex Zverev
97%
C. Alcaraz
97%
N. Djokovic
94%
B. Shelton
86%
J. Sinner
86%
L. Musetti
81%
T. Fritz
81%
A. de Minaur
80%
A. Rublev
78%
C. Ruud
76%
F Auger-Aliassime
76%
D. Medvedev
73%
A. Bublik
72%
J. Draper
59%
A. Davidovich Fokina
49%
No se encontraron pruebas coincidentes
Distribución de puntuación
Porcentaje de gente con cada puntuación
Porcentaje por número respondido
Historial de tus puntuaciones
No has intentado esta prueba.